SHOULDER SURGERY : AN ILLUSTRATED TEXT BOOK (Record no. 800046)

MARC details
000 -LEADER
fixed length control field 00395pam a2200157 a 4500
020 ## - INTERNATIONAL STANDARD BOOK NUMBER
International Standard Book Number 1853175633
Terms of availability
041 ## - LANGUAGE CODE
Language code of original
082 ## - DEWEY DECIMAL CLASSIFICATION NUMBER
Classification number 617.3
Item number WUL
100 ## - MAIN ENTRY--PERSONAL NAME
Personal name WULKER N., MANSAT M., FU F.H.
245 ## - TITLE STATEMENT
Title SHOULDER SURGERY : AN ILLUSTRATED TEXT BOOK
Medium Textual Documents
250 ## - EDITION STATEMENT
Edition statement 1.
260 ## - PUBLICATION, DISTRIBUTION, ETC.
Place of publication, distribution, etc. [s.l]:
Name of publisher, distributor, etc. MARTIN DUNITZ,
Date of publication, distribution, etc. 2001.
300 ## - PHYSICAL DESCRIPTION
Extent 674:
Other physical details X.;
Dimensions HB.
650 ## - SUBJECT ADDED ENTRY--TOPICAL TERM
Topical term or geographic name entry element ORTHO
930 ## - EQUIVALENCE OR CROSS-REFERENCE-UNIFORM TITLE HEADING [LOCAL, CANADA]
Uniform title 5519
Holdings
Withdrawn status Lost status Damaged status Not for loan Collection Home library Current library Date acquired Source of acquisition Cost, normal purchase price Total Checkouts Full call number Barcode Date due Date last seen Date last checked out Copy number Price effective from Koha item type
          Medical College & Hospital, Sangli Medical College & Hospital, Sangli 02/10/2012 B.M.S.G.B.PUNE 22171.50 1 617.3 WUL MCS-10577 01/10/2043 06/10/2023 06/10/2023 1 26/07/2023 Book